La santa biblia : antiguo y nuevo testamento

Guardado en:
Formato: Libro
Publicado: Buenos Aires : Sociedades Bíblicas Unidas, s/f
Materias:
Etiquetas: Agregar Etiqueta
Sin Etiquetas, Sea el primero en etiquetar este registro!
LEADER 00636nam a22001695a 4500
001 CEM.cems013466
005 20110222085301.0
008 130507b######################000#0#####d
003 CEMS
082 0 4 |a 220.5 
245 0 0 |a La santa biblia :  |b antiguo y nuevo testamento 
260 |a Buenos Aires :  |b Sociedades Bíblicas Unidas, s/f 
300 |a 285 p. 
500 |a Antigua versión de Casiodoro de Reina (1569) revisada por Cipriano de Valera (1602) cotejada posteriormente con diversas traducciones, y con los textos hebreo y griego 
653 |a Religión 
653 |a Biblia 
859 |a CEMS  |b BIB. CEMS - 11 de abril  |h 220.5  |i B471-1  |p 26082.11  |t Ej.1